000 01688cam a22004694i 4500
003 PE-LiUPU
005 20250731172956.0
008 150623s r 000 0 d
020 _a0801020913
035 _a(Sirsi) i9780801020919
040 _aPE-LiUPU
_bspa
_cPE-LiUPU
_erda
049 _aPRUA
082 0 4 _a262.1
_bB38
_221
100 1 _aBennett, David W.,
_eautor.
245 1 0 _aMetaphors of ministry: biblical images for leaders and followers /
_cDavid W. Bennett.
264 1 _aMichigan :
_bBaker Book House,
_c1993.
300 _a207 páginas ;
_c23 centímetros
336 _atext
_2rdacontent
337 _aunmediated
_2rdamedia
338 _avolume
_2rdacarrier
504 _aBibliografía al final de cada capítulo.
505 0 _aDescription of terms. -Relationships between the terms. -Major themes. -The choice of metaphors. -New Testament terms. -Following the maaster in church leadership todaay.
526 _aSEG42
526 _aSEG41
526 _aSEG40
526 _aSEG39
526 _aP94
526 _aP87
526 _aP86
526 _aP85
526 _aP77
526 _aP76
526 _aP35
630 _aBiblia.
_pN.T.
_xCrítica, interpretación, etc.
650 0 4 _aLiderazgo cristiano
_xEnseñanza Bíblica.
942 _2ddc
_cBOOK
949 _a262.1 B38
_wDEWEY
_c1
_i45335
_lCCODEBUL1
_mBUL
_r0
_sY
_tBOOK
_u2015-6-24
_xTEOLOGIA
_PP35
_0COMPRA
_o.STAFF. Colección General
994 _aC0
_bPEPRU
596 _a1
999 _a262.1 B38
_wDEWEY
_c22196
_i45335
_f2021-11-10
_g5
_lCCODEBUL1
_mBUL
_r0
_sY
_tBOOK
_u2015-6-24
_xTEOLOGIA
_PP35
_0COMPRA
_o.STAFF. Colección General
_d22196
980 _81
_gALBERTO SANCHEZ Responsable de Automatización